000 00478nam a2200181Ia 4500
005 20250423100922.0
008 250422s9999 xx 000 0 und d
020 _a9789785151217
050 _aPE 1111 .U39 .S56/
100 _aUgwuanyi, Elizabeth
245 0 _aSimplified english grammar : a dependable book for excellence
260 _aKaduna
260 _bWonderful Graphic
260 _c2013
300 _a287 p
650 _aEnglish language--Grammar.
942 _cBK
999 _c34740
_d34740